| 000 | 00497nam a22001697a 4500 | ||
|---|---|---|---|
| 003 | BD-DhUL | ||
| 005 | 20181210140644.0 | ||
| 008 | 181209s1929 ii ||||| |||| 00| 0 urd d | ||
| 040 |
_aBD-DhUL _cBD-DhUL |
||
| 082 |
_a891.433 _bSUM |
||
| 100 | 0 | _aصغراھمایوں مرزا | |
| 245 | 1 | 0 |
_aمشیر نسواں / _cصغراھمایوں مرزا _b |
| 260 |
_aدہلی : _bدفتر عصمت، _c۱۹۳۱۔ |
||
| 300 |
_aص۔ ۲۰۸ ؛ _c۲۴ سم۔ |
||
| 650 | 4 | _aUrdu fiction | |
| 942 |
_2ddc _cBK |
||
| 999 |
_c245180 _d245180 |
||